00568nam a2200181Ia 4500001001000000003000500010008004100015010001100056040000900067082002000076100001800096245008300114260001800197300001500215440001600230500004600246650009400292Para_8611CHAP220125s9999 xx 000 0 und d a207422 cCHAP aPA-C 595.752 A6 aHori, Matsuji aTwo new species of aphids parasitic on poplar in Hokhaido /c by Matsuji Hori as.l. :b s.n. a109-115 p. aAphidae; 26 aEncuadernado con otros impresos similares ax Afididos x Colecciones de escritos x Chopo x plagas x Afididos x Identificación